• 首页
  • 本馆介绍
  • 公告通知
  • 最新文献
  • 馆藏检索
  • 电子资源
  • 读者导购
  • 参考咨询
  • 我的图书馆
  • 登录
  • 详细信息显示
  • 放入我的书架
  • 预约/预借图书
  • 作者相关作品
  • 分类相关作品
  • 丛书相关作品
  • 出版社相关作品

书目信息

  • 表格格式
  • 工作单格式
  • 卡片格式
题名:
基础化学
    
 
作者: 王瑛 , 张建君 主编
分册:  
出版信息: 北京   高等教育出版社  2012.09
页数: 277页
开本: 26cm
丛书名:
单 册:
中图分类: O6 , G634.81
科图分类:
主题词: 教育--各级--职业大学--教材 , 化学课
电子资源:
ISBN: 978-7-04-035527-7
000 00852nam0 2200265 450
001 137
005 20180921093103.44
010    @a978-7-04-035527-7@dCNY31.30
100    @a20130317d2012 em y0chiy50 ea
101 0  @achi
102    @aCN@b110000
105    @ay z 000yy
200 1  @a基础化学@9ji chu hua xue@f王瑛,张建君主编
210    @a北京@c高等教育出版社@d2012.09
215    @a277页@d26cm
300    @a职业院校课程改革系列教材/刘斌总主编
330    @a本书分为无机化学和有机化学两部分,内容包括物质结构与元素周期表、常见的元素及其化合物、溶液、电解质溶液、醇酚醚等。
606 0  @a教育@x各级@x职业大学@j教材
606 0  @a化学课
690    @aO6@v5
690    @aG634.81@v4
701  0 @a王瑛@9wang ying@c(化学)@4主编
701  0 @a张建君@9zhang jian jun@c(化学)@4主编
801  0 @aCN@b91MARC@c20130904
905    @aMuseLib@dG634.81@e1380
    
    基础化学/王瑛,张建君主编.-北京:高等教育出版社,2012.09
    277页;26cm
    职业院校课程改革系列教材/刘斌总主编
    
    ISBN 978-7-04-035527-7:CNY31.30
    本书分为无机化学和有机化学两部分,内容包括物质结构与元素周期表、常见的元素及其化合物、溶液、电解质溶液、醇酚醚等。
●
相关链接 在E读中查询图书 在五车中查询图书 在当当中查询图书 在豆瓣中查询图书


正题名:基础化学     索取号:G634.81/1380         预约/预借

序号 登录号 条形码 馆藏地/架位号 状态 备注
1 1118424   211184243   第一样本阅览室/ [索取号:G634.81/1380] 在馆    
2 1118425   211184252   第四借阅区/ [索取号:G634.81/1380] 在馆    
3 1118426   211184261   第四借阅区/ [索取号:G634.81/1380] 在馆    
4 1118427   211184270   第四借阅区/ [索取号:G634.81/1380] 在馆    
5 1118428   211184289   化学系资料室/ [索取号:G634.81/1380] 在馆    
唐山师范学院图书馆 欢迎您!
大连网信软件有限公司© 版权所有